000 04216cam a22012374i 4500
003 PE-LiUPU
005 20250813185512.0
008 150625s2004 pe a r 000 0 spa d
020 _a9972603205
035 _a(Sirsi) i9789972603204
040 _aPE-LiUPU
_bspa
_cPE-LiUPU
_erda
049 _aPRUA
082 0 4 _a301
_bC24
_221
245 0 0 _aCultura y globalización /
_cCarlos Iván Degregori y Gonzalo Portocarrero, eds.
264 1 _aLima :
_bRed para el Desarrollo de las Ciencias Sociales en el Perú,
_c2004.
300 _a384 páginas :
_bilustraciones, tablas ;
_c21 centímetros
336 _atext
_2rdacontent
337 _aunmediated
_2rdamedia
338 _avolume
_2rdacarrier
505 0 _aLa aldea global entre la utopía transcultural y el ratio mercantil: paradojas de la globalización cultural cultural. -Secularización y fundamentalismo en la escena global. -¿Hacia el conflicto de las civilizaciones?. -¿Un lugar en el mundo? Paisajes y diferencias en la sociedad global. -El estudio de la cultura en la economía política global. -El individuo andino, autóctono y cosmopolita. -El sitio de los indígenas en el siglo XXI: tensiones transculturales de la globalización. -De-esencializando al mestizo andino. -"Así es como vive gente": procesos deslocalizados y culturas emergentes. -Leer y escribir en un mundo sin letras. Reflexiones sobre la globalización y la educación en la Sierra rural. -Los andes a las puertas del nuevo milenio. El Perú y la sociedad de la información. -Comunicación/educación/tecnología: ¿homogeneización o diversificación cultural?. -Los efectos de la globalización en la estructura del poder en México. -El goce de la globalización. -Tradición y universalidad en José María Arguedas. -Alegrías inconstantes. Sobre individualismo y globalización. -Aproximación cuantitativa a la problemática de los medios de comunicación en el Perú.
526 _aP202
526 _aP201
526 _aP163
526 _aP162
526 _aP161
526 _aP160
526 _aP148
526 _aP147
526 _aP146
526 _aP145
526 _aP144
526 _aP143
526 _aP142
526 _aP141
526 _aP140
526 _aP139
526 _aP138
526 _aP137
526 _aP136
526 _aP135
526 _aP134
526 _aP133
526 _aP129
526 _aP128
526 _aP127
526 _aP120
526 _aP119
526 _aP118
526 _aP116
526 _aP115
526 _aP114
526 _aP110
526 _aP109
526 _aP108
526 _aP104
526 _aP103
526 _aP102
526 _aP99
526 _aP98
526 _aP97
526 _aP96
526 _aP95
526 _aP93
526 _aP90
526 _aP89
526 _aP88
526 _aP83
526 _aP82
526 _aP62
526 _aP59
526 _aP58
526 _aP57
526 _aP51
526 _aP49
526 _aP48
526 _aP47
526 _aP29
526 _aP24
526 _aP20
526 _aP19
526 _aP17
526 _aP15
526 _aP14
526 _aP12
526 _aP10
526 _aP09
526 _aP08
526 _aP07
526 _aP06
526 _aP05
526 _aP04
526 _aP01
541 _g001-022801;
650 0 4 _aComunicación social
_zPerú
_vCongresos.
650 0 4 _aCultura
_vCongresos.
650 0 4 _aGlobalización
_zPerú
_vCongresos.
650 0 4 _aModernización
_vCongresos.
700 1 _aDegregori, Carlos Iván,
_eeditor.
700 1 _aPortocarrero, Gonzalo,
_eeditor.
910 _bjv
_d20050824
942 _2ddc
_cBOOK
949 _a301 C24
_wDEWEY
_c1
_i55630
_d2016-5-22
_e2016-5-19
_lCCODEBUL1
_mBUL
_n1
_r0
_sY
_tBOOK
_u2015-6-25
_xEDUCACION
_PP07
_0COMPRA
_o.STAFF. Colección General
994 _aC0
_bPEPRU
596 _a1
999 _a301 C24
_wDEWEY
_c44492
_i55630
_d44492
_e2017-8-25
_f2021-11-4
_g5
_lCCODEBUL1
_mBUL
_n4
_p10.00
_q1
_r0
_sY
_tBOOK
_u2015-6-25
_xBIBLIOTECA
_PP07
_0COMPRA
_o.STAFF. Colección General
980 _81
_gALBERTO SANCHEZ Responsable de Automatización